Central Library OPAC University of Rajshahi

The two-backed beast / (Record no. 22903)

MARC details
000 -LEADER
fixed length control field 00639nam a2200253 4500
001 - CONTROL NUMBER
control field 22903
003 - CONTROL NUMBER IDENTIFIER
rucl marc code BD-RjUL
005 - DATE AND TIME OF LATEST TRANSACTION
control field 20211209000852.0
008 - FIXED-LENGTH DATA ELEMENTS--GENERAL INFORMATION
fixed length control field 140309s1969 enk 000 0 eng
020 ## - INTERNATIONAL STANDARD BOOK NUMBER
International Standard Book Number 0416162401
035 ## - SYSTEM CONTROL NUMBER
System control number (BD-RjUL)22968
040 ## - CATALOGING SOURCE
Original cataloging agency DLC
Transcribing agency DLC
Modifying agency DLC
Language of cataloging eng
041 ## - LANGUAGE CODE
Language code of text/sound track or separate title eng
082 00 - DEWEY DECIMAL CLASSIFICATION NUMBER
Classification number 822.914
Author mark and year SET 1969
100 1# - MAIN ENTRY--PERSONAL NAME
Personal name Selbourne, David,
Dates associated with a name 1937-
9 (RLIN) 70624
245 14 - TITLE STATEMENT
Title The two-backed beast /
Statement of responsibility, etc. David Selbourne
260 ## - PUBLICATION, DISTRIBUTION, ETC. (IMPRINT)
Place of publication, distribution, etc. London :
Name of publisher, distributor, etc. Methuen,
Date of publication, distribution, etc. 1969.
300 ## - PHYSICAL DESCRIPTION
Pagination 86 p. ;
Size 21 cm.
350 ## - PRICE (NR) (BK AM CF MU VM SE) [OBSOLETE]
Price 7/6
490 0# - SERIES STATEMENT
Series statement A Methuen playscript
942 ## - ADDED ENTRY ELEMENTS (KOHA)
Source of classification or shelving scheme Dewey Decimal Classification
Koha item type Books
Holdings
Lost status Source of classification or shelving scheme Damaged status Not for loan Collection code Permanent Location Current Location Shelving location Date acquired Source of acquisition Cost, normal purchase price Total Checkouts Full call number Date last seen Copy number Koha item type
  Dewey Decimal Classification   Added to bundle Fiction Central Library, University of Rajshahi Central Library, University of Rajshahi Reading Room 28/08/1971 provincial book dept 6.00   822.914 SET 1969 09/03/2014 C-1 Books